El collar de la paloma (Record no. 82528)

MARC details
000 -LEADER
campo de control de longitud fija 00794nam a2200205 i 4500
001 - NÚMERO DE CONTROL
campo de control 82528
003 - IDENTIFICADOR DE NÚMERO DE CONTROL
campo de control ES-MaACL
005 - FECHA Y HORA DE LA ÚLTIMA TRANSACCIÓN
campo de control 20251002204012.0
007 - CAMPO FIJO DE DESCRIPCIÓN FÍSICA--INFORMACIÓN GENERAL
campo de control de longitud fija t|
008 - DATOS DE LONGITUD FIJA--INFORMACIÓN GENERAL
campo de control de longitud fija 041110s1952 sp ||||1| spa d
080 ## - NÚMERO DE LA CLASIFICACIÓN DECIMAL UNIVERSAL
Número de la Clasificación Decimal Universal 821.411.21-96"09"
100 1# - ENTRADA PRINCIPAL--NOMBRE DE PERSONA
Nombre de persona Ibn Hazm, Al ibn Ahmad.
9 (RLIN) 65013
245 13 - MENCIÓN DEL TÍTULO
Título El collar de la paloma
Resto del título : tratado sobre el amor y los amantes /
Mención de responsabilidad, etc. Ibn Hazm de Córdoba ; traducido del arabe por Emilio García Gómez ; con un prólogo de José Ortega y Gasset.
260 ## - PUBLICACIÓN, DISTRIBUCIÓN, ETC.
Lugar de publicación, distribución, etc. Madrid :
Nombre del editor, distribuidor, etc. Sociedad de Estudios y Publicaciones,
Fecha de publicación, distribución, etc. 1952 (
Fabricante Rivadeneyra)
300 ## - DESCRIPCIÓN FÍSICA
Extensión XXVIII, 349 p., 8 lám. ;
Dimensiones 25 cm.
700 1# - ENTRADA AGREGADA--NOMBRE PERSONAL
Nombre de persona García Gómez, Emilio,
Fechas asociadas al nombre 1905-1995
9 (RLIN) 54690
700 1# - ENTRADA AGREGADA--NOMBRE PERSONAL
Nombre de persona Ortega y Gasset, José,
Fechas asociadas al nombre 1883-1955
9 (RLIN) 87503
852 ## - LOCALIZACIÓN
Ubicación ES-MaACL
Número de control de estantería D-6812
Sublocalización o colección R.31988
Holdings
Estatus retirado Estado de pérdida Estado de daño No para préstamo Biblioteca de origen Biblioteca actual Ubicación en estantería Fecha de adquisición Fuente de adquisición Total de préstamos Signatura topográfica completa Código de barras Visto por última vez Precio de reemplazo Tipo de ítem Koha
        Biblioteca del Ateneo de Madrid Biblioteca del Ateneo de Madrid Sala Valle Inclán 17/01/2008     D-6812 901086249 23/02/2023 23/02/2023 Libro impreso